LIBRARY & INFORMATION CENTRE, KCAET, TAVANUR

ONLINE PUBLIC ACCESS CATALOGUE (OPAC)

Pre degree bhoutikam - 1 / (Record no. 6208)

MARC details
000 -LEADER
fixed length control field 01115cam a2200469ua 4500
041 ## - LANGUAGE CODE
Language code of text/sound track or separate title mal
082 ## - DEWEY DECIMAL CLASSIFICATION NUMBER
Classification number 530
Item number VAS/BH
100 ## - MAIN ENTRY--AUTHOR NAME
Personal name Vasanthamony, K R .
245 ## - TITLE STATEMENT
Title Pre degree bhoutikam - 1 /
250 ## - EDITION STATEMENT
Edition statement 1 /
260 ## - PUBLICATION, DISTRIBUTION, ETC. (IMPRINT)
Place of publication Thiruvananthapuram :
Name of publisher State Instititute of Languages ,
Year of publication 1979.
300 ## - PHYSICAL DESCRIPTION
Number of Pages 305 ; .
942 ## - ADDED ENTRY ELEMENTS (KOHA)
Koha item type Books
Holdings
Withdrawn status Lost status Damaged status Home library Current library Date acquired Full call number Accession Number Koha item type
      KAUAET KAUAET 07/04/2012 530 14252 Books
      KAUAET KAUAET 07/04/2012 530 14323 Books
      KAUAET KAUAET 07/04/2012 530 14319 Books
      KAUAET KAUAET 07/04/2012 530 14251 Books
      KAUAET KAUAET 07/04/2012 530 14253 Books
      KAUAET KAUAET 07/04/2012 530 14257 Books
      KAUAET KAUAET 07/04/2012 530 14255 Books
      KAUAET KAUAET 07/04/2012 530 14244 Books
      KAUAET KAUAET 07/04/2012 530 14250 Books
      KAUAET KAUAET 07/04/2012 530 14259 Books
    Damaged KAUAET KAUAET 07/04/2012 530 14245 Books
      KAUAET KAUAET 07/04/2012 530 14248 Books
      KAUAET KAUAET 07/04/2012 530 14321 Books
      KAUAET KAUAET 07/04/2012 530 14327 Books
      KAUAET KAUAET 07/04/2012 530 14249 Books
      KAUAET KAUAET 07/04/2012 530 14258 Books
      KAUAET KAUAET 07/04/2012 530 14318 Books
      KAUAET KAUAET 07/04/2012 530 14324 Books
Withdrawn     KAUAET KAUAET 07/04/2012 530 14247 Books
      KAUAET KAUAET 07/04/2012 530 14256 Books
      KAUAET KAUAET 07/04/2012 530 14322 Books
      KAUAET KAUAET 07/04/2012 530 14325 Books
      KAUAET KAUAET 07/04/2012 530 14320 Books
      KAUAET KAUAET 07/04/2012 530 14260 Books
      KAUAET KAUAET 07/04/2012 530 14246 Books
      KAUAET KAUAET 07/04/2012 530 14243 Books
      KAUAET KAUAET 07/04/2012 530 14326 Books
      KAUAET KAUAET 17/11/2023 530 VAS/BH 14254 Books
free website counter